| 000 | 00495nam a2200181Ia 4500 | ||
|---|---|---|---|
| 001 | 10924 | ||
| 005 | 20260306161908.0 | ||
| 008 | 260306t2004||||xx |||||||||||||| ||spa|| | ||
| 041 | _aESP | ||
| 082 |
_a982.024 _bG45 |
||
| 100 |
_aGil Montero, Raquel _eAUT |
||
| 245 | 0 |
_aCaravaneros y trashumantes en los Andes meridionales: _bpoblación y familia indÃgena en la puna de Jujuy, 1770-1870 |
|
| 260 | _c2004 | ||
| 300 |
_a _c |
||
| 650 | _aGEN | ||
| 654 | _aCHU | ||
| 942 |
_cLIB _dJUS _fJUS _2ddc _n |
||
| 999 |
_c10924 _d10924 |
||